LIBRARY & INFORMATION CENTRE, KCAET, TAVANUR

ONLINE PUBLIC ACCESS CATALOGUE (OPAC)

Planned developments of resources in a developing region / (Record no. 1760)

MARC details
000 -LEADER
fixed length control field 00441cam a2200169ua 4500
041 ## - LANGUAGE CODE
Language code of text/sound track or separate title eng
082 ## - DEWEY DECIMAL CLASSIFICATION NUMBER
Classification number 338.9
Item number SIN/PL
100 ## - MAIN ENTRY--AUTHOR NAME
Personal name Sinha, V.P .
245 ## - TITLE STATEMENT
Title Planned developments of resources in a developing region /
260 ## - PUBLICATION, DISTRIBUTION, ETC. (IMPRINT)
Place of publication :
Name of publisher Udai prakash Sinha ,
Year of publication 1985.
300 ## - PHYSICAL DESCRIPTION
Number of Pages 283 :
Other physical details ` ; .
942 ## - ADDED ENTRY ELEMENTS (KOHA)
Koha item type Books
Holdings
Withdrawn status Lost status Damaged status Home library Current library Date acquired Full call number Accession Number Koha item type
      KAUAET KAUAET 11/11/1987 338.9 16381 Books
free website counter